000 00822nam a2200265Ia 4500
003 GCL
008 140319s9999 xx 000 0 ara d
040 _aGCL /
_cGCL
082 0 4 _aق
_b962.048
_bا س
100 1 _aامال السبكى
245 1 0 _aسعد زغلول والكفاح السرى /
_cامال السبكى
260 _a[S.N] :
_bدار المعارف ،
_c1982
300 _a184 ص
490 _a
650 0 4 _aمصر
650 0 4 _aتاريخ
650 0 4 _aالاحوال السياسية
650 0 4 _aالسودان
650 0 4 _aالمقاومة الشعبية
650 0 4 _aالملك فؤاد
650 0 4 _aالصحافة العربية
650 0 4 _aالاحتلال البريطانى
650 0 4 _aمصر - تاريخ - العصر الحديث - ثورة 1919
942 _2ddc
_cBK
999 _c52887
_d52887